|
|
|
|
| LEADER |
00000nam0a2200000 4500 |
| 001 |
376074 |
| 005 |
20231101051833.0 |
| 035 |
|
|
|a (RuTPU)RU\TPU\retro\33514
|
| 035 |
|
|
|a RU\TPU\book\227655
|
| 090 |
|
|
|a 376074
|
| 100 |
|
|
|a 20221221d1988 m y0rusy5003 ca
|
| 101 |
0 |
|
|a rus
|
| 102 |
|
|
|a RU
|
| 105 |
|
|
|a a j 001zy
|
| 200 |
1 |
|
|a Геохимические циклы токсичных элементов
|e учебное пособие
|f В. В. Гавриленко, Н. А. Сорокина
|g Ленинградский государственный университет (ЛГУ)
|
| 210 |
|
|
|a Ленинград
|c Изд-во ЛГУ
|d 1988
|
| 215 |
|
|
|a 84 с.
|c ил.
|
| 320 |
|
|
|a Библиогр.: с. 84
|
| 610 |
1 |
|
|a токсичные элементы
|
| 610 |
1 |
|
|a геохимические циклы
|
| 610 |
1 |
|
|a биологическая роль
|
| 610 |
1 |
|
|a ртуть
|
| 610 |
1 |
|
|a свинец
|
| 610 |
1 |
|
|a кадмий
|
| 610 |
1 |
|
|a мышьяк
|
| 610 |
1 |
|
|a селен
|
| 610 |
1 |
|
|a бериллий
|
| 610 |
1 |
|
|a стронций
|
| 610 |
1 |
|
|a таллий
|
| 610 |
1 |
|
|a хром
|
| 610 |
1 |
|
|a молибден
|
| 610 |
1 |
|
|a кобальт
|
| 610 |
1 |
|
|a никель
|
| 675 |
|
|
|a 550.42:546(075.8)
|v 4
|
| 700 |
|
1 |
|a Гавриленко
|b В. В.
|g Владимир Васильевич
|4 070
|
| 701 |
|
1 |
|a Сорокина
|b Н. А.
|g Нина Анатольевна
|4 070
|
| 712 |
0 |
2 |
|a Ленинградский государственный университет (ЛГУ)
|c (1924-1991)
|2 stltpush
|3 (RuTPU)RU\TPU\col\77
|
| 801 |
|
0 |
|a RU
|b RuMRKP
|c 19950417
|g psbo
|
| 801 |
|
1 |
|a RU
|b 63413507
|c 20120203
|
| 801 |
|
2 |
|a RU
|b 63413507
|c 20221221
|g RCR
|
| 942 |
|
|
|c BK
|